000
00259nam a22001097a 4500
008
170126b xxu||||| |||| 00| 0 eng d
020
_a
9780323029179
041
_a
eng
080
_2
17TH
_a
61
245
_a
THE HARRIET LANE HANDBOOK
_c
HOPKINS, J
942
_2
udc
_c
BK
999
_c
3704
_d
3704